Normal view
MARC view
- Flanagan, Dawn P.
Entry Personal Name
001 - CONTROL NUMBER
- control field: 11328
003 - CONTROL NUMBER IDENTIFIER
- control field: NUST
005 - DATE AND TIME OF LATEST TRANSACTION
- control field: 20180629074403.0
008 - FIXED-LENGTH DATA ELEMENTS
- fixed length control field: 180629|| aca||aabn | a|a d
040 ## - CATALOGING SOURCE
- Original cataloging agency: NUST
- Transcribing agency: NUST
100 ## - HEADING--PERSONAL NAME
- Personal name: Flanagan, Dawn P.
670 ## - SOURCE DATA FOUND
- Source citation: Work cat.: (NUST)0: Flanagan, Dawn P., Essentials of specific learning disability identification /, c2011.
